Anecdotario de Gabriel y Galán / (Record no. 77232)

MARC details
000 -LEADER
campo de control de longitud fija 00646nam a2200193 i 4500
001 - NÚMERO DE CONTROL
campo de control 77232
003 - IDENTIFICADOR DE NÚMERO DE CONTROL
campo de control ES-MaACL
005 - FECHA Y HORA DE LA ÚLTIMA TRANSACCIÓN
campo de control 20250802013012.0
007 - CAMPO FIJO DE DESCRIPCIÓN FÍSICA--INFORMACIÓN GENERAL
campo de control de longitud fija t|
008 - DATOS DE LONGITUD FIJA--INFORMACIÓN GENERAL
campo de control de longitud fija 041007s1971 sp af |||| |dspa d
100 1# - ENTRADA PRINCIPAL--NOMBRE DE PERSONA
Nombre de persona Gutiérrez Macías, Valeriano.
9 (RLIN) 61178
245 10 - MENCIÓN DEL TÍTULO
Título Anecdotario de Gabriel y Galán /
Mención de responsabilidad, etc. Valeriano Gutiérrez Macías.
260 ## - PUBLICACIÓN, DISTRIBUCIÓN, ETC.
Lugar de publicación, distribución, etc. Salamanca :
Nombre del editor, distribuidor, etc. [s.n.,
Fecha de publicación, distribución, etc. 1971] (
Fabricante Graficesa)
300 ## - DESCRIPCIÓN FÍSICA
Extensión 278 p., 1 lám. :
Otras características físicas il. ;
Dimensiones 22 cm.
600 14 - PUNTO DE ACCESO ADICIONAL DE MATERIA--NOMBRE DE PERSONA
Nombre de persona Gabriel y Galán, José María,
Fechas asociadas al nombre 1870-1905-
Subdivisión general Crítica e interpretación
9 (RLIN) 53159
852 ## - LOCALIZACIÓN
Ubicación ES-MaACL
Número de control de estantería C-44252
852 ## - LOCALIZACIÓN
Ubicación ES-MaACL
Número de control de estantería C-44241
Holdings
Estatus retirado Estado de pérdida Estado de daño No para préstamo Biblioteca de origen Biblioteca actual Ubicación en estantería Fecha de adquisición Fuente de adquisición Total de préstamos Signatura topográfica completa Código de barras Visto por última vez Precio de reemplazo Tipo de ítem Koha
        Biblioteca del Ateneo de Madrid Biblioteca del Ateneo de Madrid Depósito 2 17/01/2008     C-44241 1080807 23/02/2023 23/02/2023 Libro impreso
        Biblioteca del Ateneo de Madrid Biblioteca del Ateneo de Madrid Depósito 2 17/01/2008     C-44252 1080806 23/02/2023 23/02/2023 Libro impreso